000 00732nam a22002057a 4500
005 20170421121021.0
010 _aENG-117904
020 _c1480.00
_a9788184845723
035 _aEN-101436
037 _bDBAD/PUB
245 _aEconomy of tamil nadu today :
_cedited by Jegadish Gandhi [and] P. Anbalagan ; foreword by A. Arulappan
_bnew realities and challenges /
260 _aNew Delhi
_bRahul Composers
_c2016
270 _aNew Highway Apartments, Lakshmi Niwas 760,Pocket-D, Lok Nayak Puram,
_bNew Delhi
_e110041
300 _axxii,345p.:
_c22cm(Hb)
_bill.
500 _aincludes index
700 _aGandhi,Jegadish
700 _aP. Anbalagan
700 _aA. Arulappan
942 _2ddc
_cEN
_h338.954
_mECO
999 _c139176
_d139176